Essai sur la psychologie d'Avicenne /
Saved in:
Main Author:
Format: Book
Language: French
Published:
Genève :
A. Kundig,
1940.
Subjects:
Tags: Add Tag
No Tags, Be the first to tag this record!
Call Number: B751 .Z7 A35 1940
| LEADER | 00862nam a2200253Ia 4500 | ||
|---|---|---|---|
| 001 | 11074 | ||
| 003 | OSt | ||
| 005 | 20250914123157.0 | ||
| 008 | 130303s1940 sz b 000 0 fre d | ||
| 040 | |c ARCE Library | ||
| 050 | 4 | |a B751 .Z7 A35 1940 | |
| 100 | 1 | |a ʻAmīd, Mūsá, |d 1908 or 1909-1963 or 1964, |e author | |
| 245 | 1 | 0 | |a Essai sur la psychologie d'Avicenne / |c par Moussa Amid. |
| 264 | 1 | |a Genève : |b A. Kundig, |c 1940. | |
| 300 | |a 162 pages ; |c 25 cm. | ||
| 500 | |a "Thèse number 93." | ||
| 500 | |a At head of title : Université de Genève - Faculté des Lettres. | ||
| 500 | |a Originally presented as the author's thesis (Ph. D. -- Université de Genève, 1940) | ||
| 504 | |a Bibliography : pages [155]-162. | ||
| 600 | 0 | 0 | |a Avicenna, |d 980-1037. |9 25861 |
| 650 | 0 | |a Philosophy, Arab |v essays. | |
| 901 | |a reviewed | ||
| 942 | |c BK |2 lcc | ||
| 999 | |c 12568 |d 12568 | ||
